000 00384nam a2200145Ia 4500
008 230917s9999||||xx |||||||||||||| ||und||
040 _e178944
_aMAIN
041 _aEnglish
082 _a658.1511 M698M
100 _aMittal, R K
245 0 _aManagement accounting and financial management
260 _aNew Delhi
_bV K Global Publications
_c2011
300 _a471 p.
942 _cBK
999 _c157058
_d157058